|
|
|
|
| LEADER |
00000nab a2200000 a 4500 |
| 001 |
vtls000240858 |
| 003 |
SK-MaSNL |
| 005 |
20260304064902.0 |
| 008 |
250422c1985 xo 0 slo |
| 015 |
|
|
|a SNBRB19rr/mm-uuuuu
|
| 035 |
|
|
|a CL0250972
|
| 035 |
|
|
|a urn:nbn:sk:snk-ab1rnb
|
| 035 |
|
|
|a (urnnbn)urn:nbn:sk:snk:ar-a006of
|
| 035 |
|
|
|a (uuid)079214c4-7ba5-45e5-b846-600ec898956b
|
| 040 |
|
|
|a SNKBUCL
|b slo
|c SNKBUCL
|e AACR2
|
| 041 |
0 |
|
|a slo
|
| 044 |
|
|
|a xo
|c SK
|
| 080 |
|
|
|a 37.018.1-053.4
|2 1981
|
| 100 |
1 |
|
|a Gajdošová, Libuša
|4 aut
|9 8618
|
| 245 |
1 |
0 |
|a Ako nájsť čas
|c Libuša Gajdošová
|
| 650 |
0 |
7 |
|a deti predškolského veku
|2 snkbucl
|9 4103
|
| 650 |
0 |
7 |
|a rodinná výchova
|2 snkbucl
|9 66934
|
| 655 |
|
7 |
|a články z novín a časopisov
|2 snkbucl
|9 267496
|
| 773 |
0 |
|
|t Rodina a škola
|g Roč. 32, č. 10 (1985), s. 10
|
| 850 |
|
|
|a Slovenská národná knižnica
|
| 852 |
|
|
|a Slovenská národná knižnica
|
| 954 |
|
|
|a odborná, vedecká literatúra pôvodná (slovenská)
|2 lita
|
| 958 |
|
|
|a article27
|
| 958 |
|
|
|a RK
|
| 958 |
|
|
|a OND
|
| 958 |
|
|
|a EUIPO
|
| 992 |
|
|
|a RBX
|
| 999 |
|
|
|c 2748416
|d 2750346
|